|
|
|
|
| LEADER |
00000nab a2200000 ar4500 |
| 001 |
vtls008770329 |
| 003 |
SK-MaSNL |
| 005 |
20260305014224.0 |
| 008 |
060606c2006 xo mr|p|||||||000 b|slo |
| 015 |
|
|
|a SNBRB2006/06
|2 snkbucl
|
| 038 |
|
|
|a SNKBUCL
|
| 040 |
|
|
|a SNKBUCL
|b slo
|c SNKBUCL
|e AACR2
|
| 041 |
0 |
|
|a slo
|
| 044 |
|
|
|a xo
|c SK
|
| 080 |
|
|
|a 613.83-053.6:061.4
|2 UDC-MRF-SK2
|
| 080 |
|
|
|a 73/76.077-053.6
|2 UDC-MRF-SK2
|
| 100 |
1 |
|
|a Stonišová, Elvíra
|4 aut
|9 729876
|
| 245 |
1 |
0 |
|a Zamerané na najrizikovejšiu cieľovú skupinu mládeže
|c Elvíra Stonišová
|
| 300 |
|
|
|b Fotogr.
|
| 610 |
2 |
7 |
|a Gemerské osvetové stredisko (Rožňava, Slovensko)
|2 snkbucl
|
| 648 |
|
7 |
|a 2005
|2 snkbucl
|9 305506
|
| 650 |
0 |
7 |
|a výstavy
|2 snkbucl
|9 2780
|
| 650 |
0 |
7 |
|a drogová prevencia
|2 snkbucl
|9 1549
|
| 773 |
0 |
|
|t Národná osveta
|g Roč. XVI, č. 2 (2006), s. 16-17
|x 1335-4515
|
| 852 |
|
|
|a SNK
|b KIS3GCP
|
| 958 |
|
|
|a SK
|
| 999 |
|
|
|c 3268374
|d 3270304
|